| 000 | 00872nam a2200229 4500 | ||
|---|---|---|---|
| 003 | CO-ViMGA | ||
| 020 | _a9789589136973 | ||
| 040 |
_aCO-ViMGA _bspa _cCO-ViMGA |
||
| 082 | 0 | 4 |
_a305.409861 _bV32m |
| 100 | 1 |
_aVieira Quijano, Constanza _97726 |
|
| 245 | 1 | 0 |
_aMujeres _bpaz, política y poder / _cConstanza Vieira Quijano, Chila Pineda Arboleda ; Cecilia López..[et al.] |
| 260 |
_aBogotá : _bEdiciones Aurora, _c2016. |
||
| 300 | _a339 p. | ||
| 490 | _aLeer es mi cuento | ||
| 500 | _aEdición Especial. Publicación donada por el Ministerio de Cultura, Plan Nacional de Lectura y Escritura, Leer es mi cuento 2016 | ||
| 650 | 1 | 4 |
_aDerechos de la mujer _97729 |
| 650 | 1 | 4 |
_aEquidad de género _97727 |
| 650 | 1 | 4 |
_aMujeres _xActividad política _xEntrevistas _zColombia _97728 |
| 700 | 1 |
_aLópez, Cecilia _97731 |
|
| 700 | 1 |
_aPineda Arboleda, Chila _97730 |
|
| 942 |
_2ddc _cBK |
||
| 999 |
_c7562 _d7562 |
||